000 00624nam a2200181 a 4500
005 20210223122034.0
008 991125s1908 bar 000 0 spa u
035 _aUPN01000028412
049 _aLT
050 4 _aLB1585 P3.4
_b1908
100 1 _aPaluzíe, Faustino
245 1 3 _aLa historia natural explicada a los niños según las clasificaciones de Cuvier, De-Candolle y Delafosse /
_cFaustino Paluzíe
260 _aBarcelona, Esp. :
_bHijos de Paluzíe,
_c1908
300 _a256 p. :
_bil. (algunas co
650 4 _aHISTORIA NATURAL-
_xESTUDIO Y ENSEÑANZA (ELEMENTAL)
_915996
904 _aAC
_b028413
905 _aLibro
999 _c28412
_d28412